000 00581nam a2200229Ia 4500
008 180523s9999 xx 000 0 und d
020 _a981-232-121-7
050 _aCUL TX 724.5
050 _b.T36 2001
100 _aTan, Florence.
245 0 _aSecrets of Nyonya cooking /
245 0 _cFlorence Tan.
260 _aSingapore :
260 _bTimes Editons,
260 _c2001
300 _a84 pages :
300 _bcolor illustrations ;
300 _c24 cm.
440 _aCelebrity chefs' cookbooks
650 _aCookery, Chinese.
650 _xCookery, Malaysian.
999 _c357829
_d357829